| 000 | 00867nam a22002297a 4500 | ||
|---|---|---|---|
| 999 |
_c19001 _d19001 |
||
| 003 | AR-CdUCM | ||
| 008 | 190516b ||||| |||| 00| 0 spa d | ||
| 020 | _a950-24-0027-5 | ||
| 040 |
_aMUNICIPALIDAD PROVINCIAL DEL CUSCO _cBIBLIOTECA MUNICIPAL DEL CUSCO |
||
| 082 |
_a675 / _bF82 |
||
| 100 |
_aFrankel, Aida M. _940018 |
||
| 245 | _aTecnología del cuero / | ||
| 260 |
_aBuenos Aires : _bAlbatros, _c1984. |
||
| 300 |
_a324 paginas ; _bIlustraciones, _c20 cm. |
||
| 505 | _aContenido : Aspectos comerciales de la curticion -- Estructura de cueros y pieles -- Conservación o curado de cueros -- Composición proteica de cueros y pieles -- Manejo de una curtiduria... | ||
| 650 |
_aCuero _923079 |
||
| 650 |
_aCurtiembre _940019 |
||
| 650 |
_aProceso del cuero _940020 |
||
| 650 |
_aSecado del cuero _940021 |
||
| 942 |
_2ddc _cLIBROS |
||
| 945 |
_awnts _d2019-05-16 |
||